000
00299nam a22001217a 4500
020
_a
978-1-904994-57-2
082
_a
001
_b
CAR/G
100
_a
GLENDAY, CRAIG
245
_a
GUINNESS WORLD RECORD 2011
260
_a
USA
_b
THE JIM PATTSON GROUP
650
_a
GENERAL KNOWLEDGE
_z
UNITED STATES
942
_c
BK
999
_c
1898
_d
1898